<?xml version="1.0" encoding="UTF-8"?>
<record
    xmlns:xsi="http://www.w3.org/2001/XMLSchema-instance"
    xsi:schemaLocation="http://www.loc.gov/MARC21/slim http://www.loc.gov/standards/marcxml/schema/MARC21slim.xsd"
    xmlns="http://www.loc.gov/MARC21/slim">

  <leader>02950cam a2200349 a 4500</leader>
  <controlfield tag="003">EG-GiCUC</controlfield>
  <controlfield tag="005">20250223032910.0</controlfield>
  <controlfield tag="008">220109s2021    ua do  f m    000 0 eng d</controlfield>
  <datafield tag="040" ind1=" " ind2=" ">
    <subfield code="a">EG-GiCUC</subfield>
    <subfield code="b">eng</subfield>
    <subfield code="c">EG-GiCUC</subfield>
  </datafield>
  <datafield tag="041" ind1="0" ind2=" ">
    <subfield code="a">eng</subfield>
  </datafield>
  <datafield tag="049" ind1=" " ind2=" ">
    <subfield code="a">Deposite </subfield>
  </datafield>
  <datafield tag="097" ind1=" " ind2=" ">
    <subfield code="a">Ph.D</subfield>
  </datafield>
  <datafield tag="099" ind1=" " ind2=" ">
    <subfield code="a">Cai01.08.07.Ph.D.2021.Em.C</subfield>
  </datafield>
  <datafield tag="100" ind1="0" ind2=" ">
    <subfield code="a">Eman Hussein Reda Mahmoud</subfield>
  </datafield>
  <datafield tag="245" ind1="1" ind2="4">
    <subfield code="a">A comparative chemical and biological investigation of selected species from the genus centaurea growing in Egypt / </subfield>
    <subfield code="c">Eman Hussein Reda Mahmoud ; Supervised Elsayeda A. Elkashoury , Ali M. El Halwany , Khaled A. Shams</subfield>
  </datafield>
  <datafield tag="246" ind1="1" ind2="5">
    <subfield code="a">&#x641;&#x62D;&#x635; &#x643;&#x64A;&#x645;&#x64A;&#x627;&#x626;&#x649; &#x648;&#x628;&#x64A;&#x648;&#x644;&#x648;&#x62C;&#x649; &#x645;&#x642;&#x627;&#x631;&#x646; &#x644;&#x623;&#x646;&#x648;&#x627;&#x639; &#x645;&#x62E;&#x62A;&#x627;&#x631;&#x629; &#x645;&#x646; &#x62C;&#x646;&#x633; &#x627;&#x644;&#x633;&#x646;&#x62A;&#x627;&#x648;&#x631;&#x64A;&#x627; &#x627;&#x644;&#x630;&#x649; &#x64A;&#x646;&#x645;&#x648; &#x641;&#x649; &#x645;&#x635;&#x631;</subfield>
  </datafield>
  <datafield tag="260" ind1=" " ind2=" ">
    <subfield code="a">Cairo : </subfield>
    <subfield code="b">Eman Hussein Reda Mahmoud , </subfield>
    <subfield code="c">2021</subfield>
  </datafield>
  <datafield tag="300" ind1=" " ind2=" ">
    <subfield code="a">271 P . : </subfield>
    <subfield code="b">charts , photographes ; </subfield>
    <subfield code="c">25cm</subfield>
  </datafield>
  <datafield tag="502" ind1=" " ind2=" ">
    <subfield code="a">Thesis (Ph.D.) - Cairo University - Faculty of Pharmacy - Department of Pharmacognosy</subfield>
  </datafield>
  <datafield tag="520" ind1=" " ind2=" ">
    <subfield code="a">Centaurea genus is one of the largest genera of family Asteraceae consisting of 500-600 species. It is centered in the Mediterranean region and western Asia. Around 17 species of Centaurea are growing in Egypt. Reviewing the available literature on these species, there were no previous reports regarding C. pumilio. Few studies were found on C. eryngioides, C. alexandrina, C. calcitrapa, C. glomerata, C. scoparia, C. pallescens and C. lippii. A comparative chemical and biological study of the selected Centaurea species were carried out. Preliminary phytochemical screening was performed. The genetic diversity and genetic relationships between the 8 Centaurea species were investigated. Essential oil of selected Centaurea species was obtained by two different techniques, conventional hydrodistillation (HD) and microwave assisted extraction (MAE). Potential essential oil inhibitors of gyrase B enzyme and N-myristoyltransferase via an in silico molecular docking were screened to study the antibacterial activity. Gas chromatography-mass spectrometry analysis (GC-MS) of the essential oils obtained by both techniques was carried out. PCA (Principal component analysis) and AHC (Agglomerative hierarchical cluster) were used for categorization of essential oil samples. The in vitro antimicrobial activity for all essential oils was investigated against Staphylococcus aureus, Escherichia coli and Aspergillus niger. The biological activity of these Centaurea species was evaluated using sensitive and multidrug-resistant cancer cell lines</subfield>
  </datafield>
  <datafield tag="530" ind1=" " ind2=" ">
    <subfield code="a">Issued also as CD</subfield>
  </datafield>
  <datafield tag="653" ind1=" " ind2="4">
    <subfield code="a">C. alexandrina </subfield>
  </datafield>
  <datafield tag="653" ind1=" " ind2="4">
    <subfield code="a">C. eryngioides </subfield>
  </datafield>
  <datafield tag="653" ind1=" " ind2="4">
    <subfield code="a">Centaurea pumilio</subfield>
  </datafield>
  <datafield tag="700" ind1="0" ind2=" ">
    <subfield code="a">Ali Mahmoud Elhalwany , </subfield>
    <subfield code="e">Supervisor</subfield>
  </datafield>
  <datafield tag="700" ind1="0" ind2=" ">
    <subfield code="a">Elsayeda Ahmed Elkashoury , </subfield>
    <subfield code="e">Supervisor</subfield>
  </datafield>
  <datafield tag="700" ind1="0" ind2=" ">
    <subfield code="a">Khaled Ahmed Shams , </subfield>
    <subfield code="e">Supervisor</subfield>
  </datafield>
  <datafield tag="856" ind1=" " ind2=" ">
    <subfield code="u">http://172.23.153.220/th.pdf</subfield>
  </datafield>
  <datafield tag="905" ind1=" " ind2=" ">
    <subfield code="a">Amira</subfield>
    <subfield code="e">Cataloger</subfield>
  </datafield>
  <datafield tag="905" ind1=" " ind2=" ">
    <subfield code="a">Nazla</subfield>
    <subfield code="e">Revisor</subfield>
  </datafield>
  <datafield tag="942" ind1=" " ind2=" ">
    <subfield code="2">ddc</subfield>
    <subfield code="c">TH</subfield>
  </datafield>
  <datafield tag="999" ind1=" " ind2=" ">
    <subfield code="c">83910</subfield>
    <subfield code="d">83910</subfield>
  </datafield>
  <datafield tag="952" ind1=" " ind2=" ">
    <subfield code="2">ddc</subfield>
    <subfield code="7">0</subfield>
    <subfield code="a">CUCL</subfield>
    <subfield code="b">cl210</subfield>
    <subfield code="d">2024-02-11</subfield>
    <subfield code="o">Cai01.08.07.Ph.D.2021.Em.C</subfield>
    <subfield code="p">01010110085188000</subfield>
    <subfield code="r">2023-09-22 00:00:00</subfield>
    <subfield code="y">TH</subfield>
  </datafield>
  <datafield tag="952" ind1=" " ind2=" ">
    <subfield code="2">ddc</subfield>
    <subfield code="7">0</subfield>
    <subfield code="a">CUCL</subfield>
    <subfield code="b">cl2u8</subfield>
    <subfield code="d">2024-02-11</subfield>
    <subfield code="o">Cai01.08.07.Ph.D.2021.Em.C</subfield>
    <subfield code="p">01020110085188000</subfield>
    <subfield code="r">2023-09-22 00:00:00</subfield>
    <subfield code="t">85188.CD     </subfield>
    <subfield code="y">CD</subfield>
  </datafield>
</record>
